| 000 | 00719nam a2200205 u 4500 | ||
|---|---|---|---|
| 005 | 20230310063552.0 | ||
| 008 | 181121s2016 mx r 000 0 spa d | ||
| 020 | _a9786079218423 | ||
| 035 | _aUPN01000228008 | ||
| 049 | _aCG | ||
| 050 | 4 |
_aJL1292 _bR4.9 |
|
| 245 | 0 | 0 |
_aRetos y desafíos del proceso electoral 2014-2015 : _btestimonios ofrecidos por quienes colaboraron en las elecciones desde el Instituto Nacional Electoral / _ccomp. Héctor Tejera Gaona. |
| 260 |
_aMéxico : _bINE, _c2016. |
||
| 300 | _a543 p. | ||
| 650 | 2 |
_aElecciones _zMéxico _95520 |
|
| 651 | 2 |
_aMéxico _xPolítica y gobierno _ySiglo XXI _910456 |
|
| 700 | 1 |
_aTejera Gaona, Héctor, _ecomp. _941063 |
|
| 905 | _aLibro | ||
| 999 |
_c200103 _d200103 |
||